000 00880nac a22003250a 4500
001 PT35159
003 AR-LpoUNG
005 20210201005338.0
008 201001s1954||||ve |||||||||||||||||spa d
040 _aAR-LpoUNG
_bspa
_eaacr
041 _aspa
044 _ave
082 0 _a980.02 469v2
100 1 _aLecuna, Vicente
245 1 0 _aRelaciones diplomáticas de Bolívar con Chile y Buenos Aires
260 _aCaracas :
_bImprenta Nacional,
_c1954.
300 _a388 p. :
_bil.
_3Impreso
490 0 _aRelaciones diplomáticas de Bolívar con Chile y Buenos Aires
650 4 _aAMERICA LATINA
650 4 _aARGENTINA
650 4 _aASPECTOS POLITICOS
650 4 _aCHILE
650 4 _aDIPLOMACIA
650 4 _aHISTORIA POLITICA
650 4 _aRELACIONES EXTERIORES
650 4 _aVENEZUELA
651 4 _aAmérica Latina
905 _a35159
942 _cLIB
999 _c49232
_d49232